| 000 | 00329nam a22001217a 4500 | ||
|---|---|---|---|
| 003 | OSt | ||
| 008 | 250215b |||||||| |||| 00| 0 eng d | ||
| 041 | _aeng | ||
| 100 |
_aICAR _92054 |
||
| 245 | _aImproved Farm Machinery under Front line Demonstration | ||
| 260 |
_aBhopal: _bAgro Industrial Extension Division, _c1996. |
||
| 942 | _cBK | ||
| 999 |
_c19387 _d19387 |
||